00895njm a2200241Ia 450000100060000000300090000600500170001500800410003204000130007304000130008604100130009910000110011210000180012310000380014124500170017925000110019626000110020726000340021830000100025250000360026250503060029865000490060427478IT-RoPAU20220918181119.0131025s9999 xx 000 0 und d aIT-RoPAU cIT-RoPAU aITALIANO aAA.VV. eAutore musica gCodice autore musica SPICS: 12000 aWestern Show a1a ed. aALBANO bEP - MUSICALI E DISCOGRAFICHE aDISCO aMusica western. Canzone country aQuando appare nel cielo la luna La fanciulla alla finestra - Voglio del gin - Quando sul mare - Incontriamoci, Ragazzi! - Siam qui nel tuo nome adunati - Salendo sulle vette - La storia di un ragazzo - Oh, Giovanna! - Comin' For To Carry Me Home - My Valley - Scende la sera - Il valzer delle candele aWESTERN [DISCHI]eCodice MATERIA SPICS: 9950